000 01124cab a22002535a 4500
001 L154174
008 111024e20111021xxk 000 0 eng d
035 _a(Sirsi) u154174
041 0 _aeng
100 1 _aHill, Chris
245 0 0 _aAussie rules
260 _c2011
490 _aBuilding
_v276 (8700) 21 October 2011, 46-47(2)
520 _aNew South Wales introduced adjudication via the Building and Construction Industry Security of Payment Act 1999, and other Australian states and territories, New Zealand, and Singapore later adopted statutory adjudication. Discusses subject matter of the dispute, accessibilty, nomination of the adjudicator, and time frames.
590 _aKA
650 2 4 _aHOUSING GRANTS, CONSTRUCTION AND REGENERATION ACT 1996
650 2 4 _aLOCAL DEMOCRACY, ECONOMIC DEVELOPMENT AND CONSTRUCTION ACT 2009
651 4 _aAustralia
651 4 _aNew Zealand
_y1947-
651 4 _aSingapore
690 _aBUILT ENVIRONMENT-BUILDING CONTRACT FORMS-STANDARD FORMS OF BUILDING CONTRACT
690 _aBUILT ENVIRONMENT-CONSTRUCTION MANAGEMENT-BUILDING CONTRACT ADMINISTRATION
942 _n0
999 _c83519
_d83519